[Event "Fagernes GM-A 2019"]
[Site "Fagernes"]
[Date "2019.04.18"]
[Round "4"]
[White "Royset, Pal"]
[Black "Grover, Sigurd Loe"]
[Result "1-0"]
[WhiteElo "2167"]
[BlackElo "2020"]
[Annotator "NA"]
[PlyCount "97"]
[EventDate "2019.04.14"]
[EventType "tourn"]
[EventCountry "NOR"]
[SourceTitle "playchess.com"]
[Source "ChessBase"]
[SourceQuality "1"]
[TimeControl "40/7200:3600"]

1. e4 {[%emt 0:01:49]} e6 {[%emt 0:00:08]} 2. d4 {[%emt 0:00:37]} d5 {[%emt 0:00:07]} 3. Nc3 {[%emt 0:00:06]} Nf6 {[%emt 0:00:04]} 4. Bg5 {[%emt 0:01:27]} dxe4 {[%emt 0:00:15]} 5. Nxe4 {[%emt 0:00:34]} Be7 {[%emt 0:00:09]} 6. Bxf6 {[%emt 0:00:38]} gxf6 {[%emt 0:00:07]} 7. Nf3 {[%emt 0:01:39]} f5 {[%emt 0:00:46]} 8. Ned2 {[%emt 0:03:29]} c5 {[%emt 0:03:19]} 9. Nb3 {[%emt 0:02:31]} cxd4 {[%emt 0:01:38]} 10. Bb5+ {[%emt 0:05:16]} Bd7 {[%emt 0:08:09]} 11. Bxd7+ {[%emt 0:04:46]} Qxd7 {[%emt 0:00:47]} 12. Qxd4 {[%emt 0:03:13]} Qxd4 {[%emt 0:03:08]} 13. Nbxd4 {[%emt 0:01:10]} Nc6 {[%emt 0:11:59]} 14. Nxc6 {[%emt 0:02:11]} bxc6 {[%emt 0:02:41]} 15. Rd1 {[%emt 0:03:25]} Bf6 {[%emt 0:05:24]} 16. b3 {[%emt 0:00:52]} Rd8 {[%emt 0:00:24]} 17. Rxd8+ {[%emt 0:00:44]} Kxd8 {[%emt 0:00:11]} 18. Ke2 {[%emt 0:00:24]} Kc7 {[%emt 0:08:42]} 19. Rd1 {[%emt 0:00:26]} Rg8 {[%emt 0:13:52]} 20. g3 {[%emt 0:01:43]} h5 {[%emt 0:00:17]} 21. Nd2 {[%emt 0:07:41]} Rd8 {[%emt 0:08:42]} 22. Nc4 {[%emt 0:00:34]} Rxd1 {[%emt 0:01:34]} 23. Kxd1 {[%emt 0:00:07]} Bd4 {[%emt 0:07:05]} 24. Ke2 {[%emt 0:00:38]} Kd7 {[%emt 0:00:18]} 25. Ne3 {[%emt 0:02:06]} Bb6 {[%emt 0:06:12]} 26. Kf3 {[%emt 0:01:22]} Ke7 {[%emt 0:00:46]} 27. Nc4 {[%emt 0:01:52]} Bc7 {[%emt 0:00:15]} 28. Ne3 {[%emt 0:08:36]} Kf6 {[%emt 0:00:39]} 29. Nc4 {[%emt 0:05:54]} e5 {[%emt 0:00:52]} 30. Ke3 {[%emt 0:03:06]} Kg5 {[%emt 0:00:15]} 31. h3 {[%emt 0:07:13]} h4 {[%emt 0:06:01]} 32. Kf3 {[%emt 0:02:52]} e4+ {[%emt 0:01:08]} 33. Kg2 {[%emt 0:00:16]} f4 {[%emt 0:02:07]} 34. gxf4+ {[%emt 0:03:23]} Kxf4 {[%emt 0:00:07]} 35. a4 {[%emt 0:07:06]} f5 {[%emt 0:06:57]} 36. b4 {[%emt 0:02:02]} a6 {[%emt 0:00:28]} 37. Kf1 {[%emt 0:02:43]} Kf3 {[%emt 0:01:27]} 38. Nd2+ {[%emt 0:00:17]} Kf4 {[%emt 0:00:01]} 39. Nb3 {[%emt 0:02:53]} Bb6 {[%emt 0:00:51]} 40. c4 {[%emt 0:01:03]} e3 {[%emt 0:09:02]} 41. c5 {[%emt 1:03:15]} Bc7 {[%emt 0:04:11]} 42. Nd4 {[%emt 0:00:00]} Ke5 {[%emt 0:16:16]} 43. fxe3 {[%emt 0:00:00]} Kd5 {[%emt 0:03:59]} 44. Ke2 {[%emt 0:00:00]} f4 {[%emt 0:02:06]} 45. Kd3 {[%emt 0:00:00]} a5 {[%emt 0:01:22]} 46. e4+ {[%emt 0:00:00]} Ke5 {[%emt 0:00:36]} 47. bxa5 {[%emt 0:00:00]} f3 {[%emt 0:07:38]} 48. Nxf3+ {[%emt 0:00:00]} Kf4 {[%emt 0:01:22]} 49. a6 {[%emt 0:00:00]} 1-0

[Event "Fagernes GM-A 2019"]
[Site "Fagernes"]
[Date "2019.04.18"]
[Round "4"]
[White "Bentsen, Hakon"]
[Black "Andersen, Morten"]
[Result "1/2-1/2"]
[WhiteElo "2155"]
[BlackElo "2223"]
[Annotator "NA"]
[PlyCount "38"]
[EventDate "2019.04.14"]
[EventType "tourn"]
[EventCountry "NOR"]
[SourceTitle "playchess.com"]
[Source "ChessBase"]
[SourceQuality "1"]
[TimeControl "40/7200:3600"]

1. e4 {[%emt 0:00:04]} c5 {[%emt 0:00:07]} 2. Nf3 {[%emt 0:00:08]} Nc6 {[%emt 0:00:07]} 3. d4 {[%emt 0:00:13]} cxd4 {[%emt 0:00:13]} 4. Nxd4 {[%emt 0:00:08]} Nf6 {[%emt 0:00:07]} 5. Nc3 {[%emt 0:00:06]} e5 {[%emt 0:00:08]} 6. Ndb5 {[%emt 0:00:07]} d6 {[%emt 0:00:06]} 7. Bg5 {[%emt 0:00:50]} a6 {[%emt 0:01:56]} 8. Na3 {[%emt 0:01:21]} b5 {[%emt 0:00:26]} 9. Nd5 {[%emt 0:00:24]} Be7 {[%emt 0:00:57]} 10. Bxf6 {[%emt 0:00:13]} Bxf6 {[%emt 0:00:39]} 11. c3 {[%emt 0:00:55]} O-O {[%emt 0:02:56]} 12. Nc2 {[%emt 0:00:51]} Bg5 {[%emt 0:03:29]} 13. Bd3 {[%emt 0:02:44]} Be6 {[%emt 0:07:06]} 14. Nce3 {[%emt 0:01:10]} Bxe3 {[%emt 0:02:14]} 15. Nxe3 {[%emt 0:00:07]} Rb8 {[%emt 0:12:09]} 16. O-O {[%emt 0:05:51]} Ne7 {[%emt 0:04:05]} 17. Qe2 {[%emt 0:04:47]} d5 {[%emt 0:10:04]} 18. exd5 {[%emt 0:01:02]} Nxd5 {[%emt 0:00:30]} 19. Nxd5 {[%emt 0:07:58]} Qxd5 {[%emt 0:00:41]} 1/2-1/2

[Event "Fagernes GM-A 2019"]
[Site "Fagernes"]
[Date "2019.04.18"]
[Round "4"]
[White "Abdrlauf, Elham"]
[Black "Hauge, Lars Oskar"]
[Result "0-1"]
[WhiteElo "2123"]
[BlackElo "2472"]
[Annotator "ChessBase"]
[PlyCount "34"]
[EventDate "2019.04.14"]
[EventType "tourn"]
[EventCountry "NOR"]
[SourceTitle "playchess.com"]
[Source "ChessBase"]
[SourceQuality "1"]
[TimeControl "40/7200:3600"]

1. e4 {[%emt 0:00:00]} e5 {[%emt 0:04:02]} 2. Nf3 {[%emt 0:01:34]} Nc6 {[%emt 0:00:03]} 3. Bb5 {[%emt 0:00:10]} g6 {[%emt 0:00:20]} 4. d4 {[%emt 0:05:50]} exd4 {[%emt 0:00:19]} 5. Bxc6 {[%emt 0:03:38]} dxc6 {[%emt 0:00:42]} 6. Qxd4 {[%emt 0:00:12]} Qxd4 {[%emt 0:00:16]} 7. Nxd4 {[%emt 0:00:07]} Bg7 {[%emt 0:00:36]} 8. Ne2 {[%emt 0:00:07]} Be6 {[%emt 0:02:42]} 9. Nbc3 {[%emt 0:02:26]} Bc4 {[%emt 0:09:25]} 10. Be3 {[%emt 0:09:57]} O-O-O {[%emt 0:00:52]} 11. f3 {[%emt 0:03:37]} Ne7 {[%emt 0:05:01]} 12. Kf2 {[%emt 0:01:39]} f5 {[%emt 0:00:40]} 13. Bg5 {[%emt 0:25:41]} Rde8 {[%emt 0:00:51]} 14. Bxe7 {[%emt 0:12:03]} Rxe7 {[%emt 0:00:07]} 15. exf5 {[%emt 0:00:18]} Rhe8 {[%emt 0:00:31]} 16. Rhe1 {[%emt 0:04:04]} gxf5 {[%emt 0:00:21]} 17. Rab1 {[%emt 0:02:19]} c5 {[%emt 0:03:23]} 0-1

[Event "Fagernes GM-A 2019"]
[Site "Fagernes"]
[Date "2019.04.18"]
[Round "4"]
[White "Kizatbay, Abyl"]
[Black "Vestby-Ellingsen, Mads"]
[Result "0-1"]
[WhiteElo "2108"]
[BlackElo "2333"]
[Annotator "NA"]
[PlyCount "72"]
[EventDate "2019.04.14"]
[EventType "tourn"]
[EventCountry "NOR"]
[SourceTitle "playchess.com"]
[Source "ChessBase"]
[SourceQuality "1"]
[TimeControl "40/7200:3600"]

1. e4 {[%emt 0:00:01]} c5 {[%emt 0:00:09]} 2. Nc3 {[%emt 0:00:34]} e6 {[%emt 0:01:04]} 3. f4 {[%emt 0:00:04]} d5 {[%emt 0:02:53]} 4. Nf3 {[%emt 0:03:39]} Nf6 {[%emt 0:13:03]} 5. Bb5+ {[%emt 0:16:11]} Bd7 {[%emt 0:06:06]} 6. Bxd7+ {[%emt 0:04:32]} Nbxd7 {[%emt 0:11:03]} 7. e5 {[%emt 0:08:12]} Ne4 {[%emt 0:01:54]} 8. Qe2 {[%emt 0:12:46]} Nxc3 {[%emt 0:00:25]} 9. dxc3 {[%emt 0:00:11]} Qb6 {[%emt 0:05:21]} 10. a4 {[%emt 1:13:50]} Be7 {[%emt 0:01:49]} 11. a5 {[%emt 0:00:00]} Qc6 {[%emt 0:01:00]} 12. c4 {[%emt 0:00:00]} dxc4 {[%emt 0:02:50]} 13. Qxc4 {[%emt 0:00:00]} O-O {[%emt 0:02:59]} 14. O-O {[%emt 0:00:00]} b5 {[%emt 0:02:29]} 15. axb6 {[%emt 0:00:00]} axb6 {[%emt 0:01:00]} 16. Be3 {[%emt 0:00:00]} b5 {[%emt 0:00:52]} 17. Qe2 {[%emt 0:00:00]} Nb6 {[%emt 0:00:54]} 18. Kh1 {[%emt 0:00:00]} h6 {[%emt 0:08:47]} 19. Nd2 {[%emt 0:00:00]} Rfd8 {[%emt 0:04:30]} 20. Qf2 {[%emt 0:00:00]} Rxa1 {[%emt 0:09:25]} 21. Rxa1 {[%emt 0:00:00]} Ra8 {[%emt 0:00:19]} 22. Rxa8+ {[%emt 0:00:00]} Qxa8 {[%emt 0:00:54]} 23. Bxc5 {[%emt 0:00:00]} Bxc5 {[%emt 0:00:46]} 24. Qxc5 {[%emt 0:00:00]} Qa1+ {[%emt 0:00:15]} 25. Qg1 {[%emt 0:00:00]} Qxb2 {[%emt 0:00:14]} 26. Qb1 {[%emt 0:00:00]} Qa3 {[%emt 0:09:01]} 27. Nf3 {[%emt 0:00:00]} Qc5 {[%emt 0:09:42]} 28. Qa2 {[%emt 0:00:00]} Nd5 {[%emt 0:03:20]} 29. f5 {[%emt 0:00:00]} Qf2 {[%emt 0:02:59]} 30. fxe6 {[%emt 0:00:00]} fxe6 {[%emt 0:00:29]} 31. h3 {[%emt 0:00:00]} Kh7 {[%emt 0:02:56]} 32. Qb1 {[%emt 0:00:00]} Nf4 {[%emt 0:00:46]} 33. Ne1 {[%emt 0:00:00]} Qf1+ {[%emt 0:01:23]} 34. Kh2 {[%emt 0:00:00]} Ne2 {[%emt 0:00:23]} 35. h4 {[%emt 0:00:00]} Qf4+ {[%emt 0:00:13]} 36. Kh1 {[%emt 0:00:00]} Qxh4# {[%emt 0:00:08]} 0-1

[Event "Fagernes GM-A 2019"]
[Site "Fagernes"]
[Date "2019.04.18"]
[Round "4"]
[White "Machlik, Monika"]
[Black "Skotheim, Andreas"]
[Result "1-0"]
[WhiteElo "2059"]
[BlackElo "2182"]
[Annotator "NA"]
[PlyCount "87"]
[EventDate "2019.04.14"]
[EventType "tourn"]
[EventCountry "NOR"]
[SourceTitle "playchess.com"]
[Source "ChessBase"]
[SourceQuality "1"]
[TimeControl "40/7200:3600"]

1. d4 {[%emt 0:00:02]} Nf6 {[%emt 0:00:15]} 2. c4 {[%emt 0:00:03]} e6 {[%emt 0:00:10]} 3. Nc3 {[%emt 0:00:18]} Bb4 {[%emt 0:00:14]} 4. Qc2 {[%emt 0:00:07]} O-O {[%emt 0:00:16]} 5. a3 {[%emt 0:00:04]} Bxc3+ {[%emt 0:00:09]} 6. Qxc3 {[%emt 0:00:08]} d5 {[%emt 0:00:15]} 7. Nf3 {[%emt 0:00:38]} dxc4 {[%emt 0:00:31]} 8. Qxc4 {[%emt 0:00:18]} b6 {[%emt 0:00:26]} 9. Bg5 {[%emt 0:01:08]} Ba6 {[%emt 0:03:34]} 10. Qa4 {[%emt 0:00:54]} Qe7 {[%emt 0:09:45]} 11. e3 {[%emt 0:11:06]} Bb7 {[%emt 0:08:15]} 12. Rc1 {[%emt 0:06:41]} Rc8 {[%emt 0:03:36]} 13. Be2 {[%emt 0:10:50]} Nbd7 {[%emt 0:05:23]} 14. O-O {[%emt 0:04:32]} a6 {[%emt 0:12:05]} 15. Ne5 {[%emt 0:07:19]} Nxe5 {[%emt 0:14:38]} 16. dxe5 {[%emt 0:02:17]} Qe8 {[%emt 0:00:13]} 17. Qh4 {[%emt 0:35:17]} Nd7 {[%emt 0:02:03]} 18. Bd3 {[%emt 0:06:48]} Nf8 {[%emt 0:02:18]} 19. Qg3 {[%emt 0:03:58]} Kh8 {[%emt 0:01:43]} 20. h4 {[%emt 0:04:16]} Nd7 {[%emt 0:06:04]} 21. Qf4 {[%emt 0:06:31]} Qf8 {[%emt 0:03:42]} 22. h5 {[%emt 0:02:32]} h6 {[%emt 0:13:44]} 23. Bh4 {[%emt 0:00:02]} b5 {[%emt 0:00:39]} 24. Rfd1 {[%emt 0:01:29]} Nb6 {[%emt 0:00:35]} 25. Bb1 {[%emt 0:01:12]} Rab8 {[%emt 0:00:33]} 26. Qg3 {[%emt 0:04:37]} c5 {[%emt 0:03:31]} 27. e4 {[%emt 0:02:00]} c4 {[%emt 0:03:14]} 28. Rd6 {[%emt 0:00:58]} Na4 {[%emt 0:00:49]} 29. Rd2 {[%emt 0:00:30]} Nc5 {[%emt 0:00:25]} 30. Re1 {[%emt 0:00:11]} c3 {[%emt 0:01:02]} 31. bxc3 {[%emt 0:00:11]} Rc7 {[%emt 0:00:45]} 32. f4 {[%emt 0:00:40]} Rd7 {[%emt 0:00:50]} 33. Rxd7 {[%emt 0:00:14]} Nxd7 {[%emt 0:00:05]} 34. Rd1 {[%emt 0:00:20]} Nc5 {[%emt 0:00:11]} 35. Rd4 {[%emt 0:00:13]} Na4 {[%emt 0:01:36]} 36. f5 {[%emt 0:00:16]} Qxa3 {[%emt 0:01:22]} 37. f6 {[%emt 0:00:37]} g5 {[%emt 0:01:06]} 38. hxg6 {[%emt 0:00:30]} Rg8 {[%emt 0:01:32]} 39. g7+ {[%emt 0:00:09]} Kh7 {[%emt 0:00:06]} 40. Kh2 {[%emt 0:00:01]} Qxc3 {[%emt 0:01:49]} 41. Rd3 {[%emt 0:17:06]} Qc7 {[%emt 0:03:32]} 42. Bg5 {[%emt 0:16:34]} Bxe4 {[%emt 0:02:26]} 43. Rd7 {[%emt 0:09:58]} Qc4 {[%emt 0:01:01]} 44. Qh4 {[%emt 0:02:05]} 1-0

[Event "Fagernes GM-A 2019"]
[Site "Fagernes"]
[Date "2019.04.18"]
[Round "4"]
[White "Fuglestein, Sander"]
[Black "Dahl, Trygve"]
[Result "0-1"]
[WhiteElo "2000"]
[BlackElo "2275"]
[Annotator "NA"]
[PlyCount "136"]
[EventDate "2019.04.14"]
[EventType "tourn"]
[EventCountry "NOR"]
[SourceTitle "playchess.com"]
[Source "ChessBase"]
[SourceQuality "1"]
[TimeControl "40/7200:3600"]

1. d4 {[%emt 0:00:02]} Nf6 {[%emt 0:02:44]} 2. c4 {[%emt 0:00:05]} g6 {[%emt 0:01:39]} 3. Nf3 {[%emt 0:00:10]} Bg7 {[%emt 0:00:04]} 4. g3 {[%emt 0:00:06]} O-O {[%emt 0:00:16]} 5. Bg2 {[%emt 0:00:03]} d6 {[%emt 0:02:00]} 6. O-O {[%emt 0:00:08]} Nc6 {[%emt 0:00:10]} 7. Nc3 {[%emt 0:00:29]} e5 {[%emt 0:04:01]} 8. d5 {[%emt 0:03:03]} Ne7 {[%emt 0:00:05]} 9. e4 {[%emt 0:00:47]} Nd7 {[%emt 0:03:13]} 10. Ne1 {[%emt 0:03:21]} f5 {[%emt 0:04:01]} 11. Nd3 {[%emt 0:03:10]} Nf6 {[%emt 0:01:52]} 12. f4 {[%emt 0:03:35]} exf4 {[%emt 0:05:06]} 13. Bxf4 {[%emt 0:07:06]} fxe4 {[%emt 0:07:54]} 14. Nxe4 {[%emt 0:00:17]} Nxe4 {[%emt 0:00:34]} 15. Bxe4 {[%emt 0:00:11]} Bh3 {[%emt 0:00:05]} 16. Bg2 {[%emt 0:02:35]} Bd4+ {[%emt 0:01:46]} 17. Kh1 {[%emt 0:00:17]} Bxg2+ {[%emt 0:00:19]} 18. Kxg2 {[%emt 0:00:08]} Nf5 {[%emt 0:00:15]} 19. Qd2 {[%emt 0:04:53]} Qd7 {[%emt 0:02:48]} 20. Rae1 {[%emt 0:17:18]} Rae8 {[%emt 0:00:07]} 21. Rxe8 {[%emt 0:09:42]} Rxe8 {[%emt 0:00:02]} 22. Re1 {[%emt 0:00:46]} a6 {[%emt 0:02:57]} 23. b3 {[%emt 0:06:20]} Re7 {[%emt 0:04:21]} 24. Bg5 {[%emt 0:05:59]} Re8 {[%emt 0:01:30]} 25. Rxe8+ {[%emt 0:09:38]} Qxe8 {[%emt 0:00:09]} 26. Qe1 {[%emt 0:00:14]} Ne3+ {[%emt 0:26:11]} 27. Bxe3 {[%emt 0:02:40]} Qe4+ {[%emt 0:00:34]} 28. Kf2 {[%emt 0:02:08]} Qxd3 {[%emt 0:00:06]} 29. Bxd4 {[%emt 0:01:02]} Qxd4+ {[%emt 0:00:05]} 30. Qe3 {[%emt 0:02:51]} Qb2+ {[%emt 0:00:05]} 31. Qe2 {[%emt 0:00:15]} Qxe2+ {[%emt 0:00:07]} 32. Kxe2 {[%emt 0:00:09]} Kf7 {[%emt 0:00:02]} 33. Ke3 {[%emt 0:00:26]} Kf6 {[%emt 0:00:05]} 34. Kf4 {[%emt 0:12:29]} g5+ {[%emt 0:00:12]} 35. Ke4 {[%emt 0:00:28]} g4 {[%emt 0:00:57]} 36. Kf4 {[%emt 0:02:32]} h5 {[%emt 0:00:08]} 37. b4 {[%emt 0:02:40]} b5 {[%emt 0:08:45]} 38. Ke4 {[%emt 0:04:43]} Kg5 {[%emt 0:00:24]} 39. Kd3 {[%emt 0:01:01]} Kf5 {[%emt 0:00:31]} 40. Ke3 {[%emt 0:00:27]} Ke5 {[%emt 0:03:47]} 41. Kd3 {[%emt 1:02:21]} Kf5 {[%emt 1:09:01]} 42. Ke3 {[%emt 0:02:17]} bxc4 {[%emt 0:08:45]} 43. Kd4 {[%emt 0:00:00]} c3 {[%emt 0:00:00]} 44. Kxc3 {[%emt 0:00:00]} Ke4 {[%emt 0:00:00]} 45. Kc4 {[%emt 0:00:00]} Kf3 {[%emt 0:00:00]} 46. a4 {[%emt 0:00:00]} Kg2 {[%emt 0:00:00]} 47. a5 {[%emt 0:00:00]} Kxh2 {[%emt 0:00:00]} 48. b5 {[%emt 0:00:00]} axb5+ {[%emt 0:00:00]} 49. Kxb5 {[%emt 0:00:00]} h4 {[%emt 0:00:00]} 50. gxh4 {[%emt 0:00:00]} g3 {[%emt 0:00:00]} 51. a6 {[%emt 0:00:00]} g2 {[%emt 0:00:00]} 52. a7 {[%emt 0:00:00]} g1=Q {[%emt 0:00:00]} 53. a8=Q {[%emt 0:00:00]} Qc5+ {[%emt 0:00:00]} 54. Ka4 {[%emt 0:00:00]} Qc4+ {[%emt 0:00:00]} 55. Ka3 {[%emt 0:00:00]} Qxh4 {[%emt 0:00:00]} 56. Qc6 {[%emt 0:00:00]} Qh7 {[%emt 0:00:00]} 57. Qc3 {[%emt 0:00:00]} Kg2 {[%emt 0:00:00]} 58. Kb2 {[%emt 0:00:00]} Kf2 {[%emt 0:00:00]} 59. Qd2+ {[%emt 0:00:00]} Kf3 {[%emt 0:00:00]} 60. Kc3 {[%emt 0:00:00]} Qe4 {[%emt 0:00:00]} 61. Qd1+ {[%emt 0:00:00]} Kf4 {[%emt 0:00:00]} 62. Kb2 {[%emt 0:00:00]} Ke5 {[%emt 0:00:00]} 63. Qh5+ {[%emt 0:00:00]} Kd4 {[%emt 0:00:00]} 64. Qf7 {[%emt 0:00:00]} Qxd5 {[%emt 0:00:00]} 65. Qxc7 {[%emt 0:00:00]} Qb5+ {[%emt 0:00:00]} 66. Ka1 {[%emt 0:00:00]} Qa4+ {[%emt 0:00:00]} 67. Kb2 {[%emt 0:00:00]} Qb4+ {[%emt 0:00:00]} 68. Ka1 {[%emt 0:00:00]} Qc3+ {[%emt 0:00:00]} 0-1

[Event "Fagernes GM-A 2019"]
[Site "Fagernes"]
[Date "2019.04.18"]
[Round "4"]
[White "Rasmussen, Jonas H"]
[Black "Ukkelberg, Oyvind"]
[Result "1-0"]
[WhiteElo "1993"]
[BlackElo "1939"]
[Annotator "NA"]
[PlyCount "53"]
[EventDate "2019.04.14"]
[EventType "tourn"]
[EventCountry "NOR"]
[SourceTitle "playchess.com"]
[Source "ChessBase"]
[SourceQuality "1"]
[TimeControl "40/7200:3600"]

1. d4 {[%emt 2:00:00]} c5 {[%emt 0:03:10]} 2. d5 {[%emt 0:00:00]} Nf6 {[%emt 0:01:32]} 3. Nf3 {[%emt 0:00:00]} e6 {[%emt 0:00:19]} 4. c4 {[%emt 0:00:00]} b5 {[%emt 0:00:32]} 5. dxe6 {[%emt 0:00:00]} fxe6 {[%emt 0:00:10]} 6. cxb5 {[%emt 0:00:00]} d5 {[%emt 0:01:30]} 7. Nc3 {[%emt 0:00:00]} Bd6 {[%emt 0:02:19]} 8. e4 {[%emt 0:00:00]} dxe4 {[%emt 0:09:06]} 9. Ng5 {[%emt 0:00:00]} Qe7 {[%emt 0:01:57]} 10. Ngxe4 {[%emt 0:00:00]} Be5 {[%emt 0:04:31]} 11. Nxf6+ {[%emt 0:00:00]} Bxf6 {[%emt 0:06:27]} 12. Bf4 {[%emt 0:00:00]} O-O {[%emt 0:06:57]} 13. Bd6 {[%emt 0:00:00]} Bxc3+ {[%emt 0:01:54]} 14. bxc3 {[%emt 0:00:00]} Qf6 {[%emt 0:00:12]} 15. Bxf8 {[%emt 0:00:00]} Qxc3+ {[%emt 0:00:59]} 16. Ke2 {[%emt 0:00:00]} Nc6 {[%emt 0:19:55]} 17. Bxc5 {[%emt 0:00:00]} Qxc5 {[%emt 0:01:36]} 18. bxc6 {[%emt 0:00:00]} Ba6+ {[%emt 0:00:09]} 19. Kf3 {[%emt 0:00:00]} Rf8+ {[%emt 0:04:04]} 20. Kg3 {[%emt 0:00:00]} Qxf2+ {[%emt 0:01:27]} 21. Kh3 {[%emt 0:00:00]} Bc8 {[%emt 0:25:02]} 22. Bc4 {[%emt 0:00:00]} Kh8 {[%emt 0:02:34]} 23. Rf1 {[%emt 0:00:00]} e5+ {[%emt 0:00:51]} 24. g4 {[%emt 0:00:00]} Qe3+ {[%emt 0:05:02]} 25. Kg2 {[%emt 0:00:00]} Qe4+ {[%emt 0:00:32]} 26. Kg3 {[%emt 0:00:00]} Bf5 {[%emt 0:06:53]} 27. Rxf5 {[%emt 0:00:00]} 1-0

[Event "Fagernes GM-A 2019"]
[Site "Fagernes"]
[Date "2019.04.18"]
[Round "4"]
[White "Isha Sharma"]
[Black "Ingebretsen, Jens E"]
[Result "0-1"]
[WhiteElo "1989"]
[BlackElo "2300"]
[Annotator "NA"]
[PlyCount "150"]
[EventDate "2019.04.14"]
[EventType "tourn"]
[EventCountry "NOR"]
[SourceTitle "playchess.com"]
[Source "ChessBase"]
[SourceQuality "1"]
[TimeControl "40/7200:3600"]

1. e4 {[%emt 0:00:06]} e5 {[%emt 0:01:48]} 2. Nf3 {[%emt 0:00:15]} Nc6 {[%emt 0:00:05]} 3. Bc4 {[%emt 0:00:11]} Bc5 {[%emt 0:00:10]} 4. c3 {[%emt 0:00:12]} Nf6 {[%emt 0:00:07]} 5. d3 {[%emt 0:00:10]} O-O {[%emt 0:00:09]} 6. Nbd2 {[%emt 0:00:38]} a6 {[%emt 0:00:16]} 7. Bb3 {[%emt 0:00:12]} Ba7 {[%emt 0:00:11]} 8. Nf1 {[%emt 0:02:52]} d5 {[%emt 0:01:46]} 9. Qe2 {[%emt 0:00:07]} Be6 {[%emt 0:05:37]} 10. Ng3 {[%emt 0:01:29]} Re8 {[%emt 0:02:35]} 11. h3 {[%emt 0:01:22]} h6 {[%emt 0:01:23]} 12. O-O {[%emt 0:10:21]} Qd7 {[%emt 0:03:59]} 13. Be3 {[%emt 0:05:26]} d4 {[%emt 0:01:47]} 14. Bxe6 {[%emt 0:05:55]} Rxe6 {[%emt 0:00:27]} 15. Bc1 {[%emt 0:00:40]} dxc3 {[%emt 0:01:52]} 16. bxc3 {[%emt 0:00:11]} b5 {[%emt 0:01:32]} 17. Rb1 {[%emt 0:05:16]} Rd8 {[%emt 0:04:12]} 18. Rd1 {[%emt 0:00:13]} Rd6 {[%emt 0:00:58]} 19. Ne1 {[%emt 0:01:39]} Qe6 {[%emt 0:01:42]} 20. Nf5 {[%emt 0:06:30]} R6d7 {[%emt 0:00:12]} 21. Nf3 {[%emt 0:00:11]} Ne7 {[%emt 0:08:36]} 22. g4 {[%emt 0:05:24]} Ng6 {[%emt 0:04:52]} 23. Be3 {[%emt 0:08:25]} Bxe3 {[%emt 0:02:55]} 24. fxe3 {[%emt 0:00:11]} c5 {[%emt 0:01:42]} 25. Ng3 {[%emt 0:01:23]} c4 {[%emt 0:03:00]} 26. d4 {[%emt 0:13:32]} exd4 {[%emt 0:01:23]} 27. exd4 {[%emt 0:00:10]} Nf4 {[%emt 0:01:03]} 28. Qh2 {[%emt 0:02:13]} Nd3 {[%emt 0:03:27]} 29. Qe2 {[%emt 0:06:14]} Re8 {[%emt 0:01:50]} 30. Ne1 {[%emt 0:02:30]} Nf4 {[%emt 0:01:03]} 31. Qf1 {[%emt 0:00:06]} g5 {[%emt 0:01:41]} 32. e5 {[%emt 0:04:52]} N6d5 {[%emt 0:03:09]} 33. Rdc1 {[%emt 0:03:14]} f6 {[%emt 0:13:11]} 34. Nf5 {[%emt 0:10:07]} fxe5 {[%emt 0:01:42]} 35. Nf3 {[%emt 0:00:03]} Nd3 {[%emt 0:02:44]} 36. Nxe5 {[%emt 0:02:02]} Nxe5 {[%emt 0:00:49]} 37. dxe5 {[%emt 0:00:20]} Qb6+ {[%emt 0:01:04]} 38. Qf2 {[%emt 0:00:22]} Qxf2+ {[%emt 0:01:36]} 39. Kxf2 {[%emt 0:00:03]} Nf4 {[%emt 0:00:37]} 40. Rd1 {[%emt 0:01:24]} Nd3+ {[%emt 0:01:16]} 41. Kg3 {[%emt 1:00:05]} Kh7 {[%emt 1:01:01]} 42. a4 {[%emt 0:01:01]} Rxe5 {[%emt 0:01:02]} 43. axb5 {[%emt 0:00:21]} axb5 {[%emt 0:01:30]} 44. Ra1 {[%emt 0:02:05]} h5 {[%emt 0:13:23]} 45. Rd2 {[%emt 0:06:13]} h4+ {[%emt 0:01:40]} 46. Kh2 {[%emt 0:00:21]} Red5 {[%emt 0:03:08]} 47. Ne3 {[%emt 0:00:00]} Rc5 {[%emt 0:00:00]} 48. Ra6 {[%emt 0:00:00]} Rdc7 {[%emt 0:00:00]} 49. Nf5 {[%emt 0:00:00]} R5c6 {[%emt 0:00:00]} 50. Ra5 {[%emt 0:00:00]} Rb6 {[%emt 0:00:00]} 51. Ne3 {[%emt 0:00:00]} Rd7 {[%emt 0:00:00]} 52. Ra1 {[%emt 0:00:00]} Re6 {[%emt 0:00:00]} 53. Nf5 {[%emt 0:00:00]} Rb7 {[%emt 0:00:00]} 54. Rc2 {[%emt 0:00:00]} Rd7 {[%emt 0:00:00]} 55. Rd2 {[%emt 0:00:00]} Kg6 {[%emt 0:00:00]} 56. Rb1 {[%emt 0:00:00]} Rd5 {[%emt 0:00:00]} 57. Nd4 {[%emt 0:00:00]} Rb6 {[%emt 0:00:00]} 58. Nf5 {[%emt 0:00:00]} Re5 {[%emt 0:00:00]} 59. Ra2 {[%emt 0:00:00]} Re4 {[%emt 0:00:00]} 60. Rc2 {[%emt 0:00:00]} Kf6 {[%emt 0:00:00]} 61. Rf1 {[%emt 0:00:00]} Nf4 {[%emt 0:00:00]} 62. Rd2 {[%emt 0:00:00]} Rbe6 {[%emt 0:00:00]} 63. Nd4 {[%emt 0:00:00]} Rd6 {[%emt 0:00:00]} 64. Rb2 {[%emt 0:00:00]} Re3 {[%emt 0:00:00]} 65. Nf3 {[%emt 0:00:00]} Rd5 {[%emt 0:00:00]} 66. Ra2 {[%emt 0:00:00]} Rxc3 {[%emt 0:00:00]} 67. Ra6+ {[%emt 0:00:00]} Ke7 {[%emt 0:00:00]} 68. Nxg5 {[%emt 0:00:00]} Rxg5 {[%emt 0:00:00]} 69. Rxf4 {[%emt 0:00:00]} Re5 {[%emt 0:00:00]} 70. g5 {[%emt 0:00:00]} Rc2+ {[%emt 0:00:00]} 71. Kg1 {[%emt 0:00:00]} Re1+ {[%emt 0:00:00]} 72. Rf1 {[%emt 0:00:00]} Rxf1+ {[%emt 0:00:00]} 73. Kxf1 {[%emt 0:00:00]} b4 {[%emt 0:00:00]} 74. g6 {[%emt 0:00:00]} b3 {[%emt 0:00:00]} 75. Ra7+ {[%emt 0:00:00]} Kf8 {[%emt 0:00:00]} 0-1

[Event "Fagernes GM-A 2019"]
[Site "Fagernes"]
[Date "2019.04.17"]
[Round "5.1"]
[White "Alekseev, Evgeny"]
[Black "Demchenko, Anton"]
[Result "1/2-1/2"]
[WhiteElo "2649"]
[BlackElo "2661"]
[Annotator "TA"]
[PlyCount "30"]
[EventDate "2019.04.14"]
[EventType "tourn"]
[EventCountry "NOR"]
[SourceTitle "playchess.com"]
[Source "ChessBase"]
[SourceQuality "1"]

{[%evp 20,27,0,-10,-4,-10,-9,-6,0,0]} 1. c4 Nf6 2. Nc3 g6 3. g3 Bg7 4. Bg2 O-O 5. e4 c5 6. Nge2 Nc6 7. d3 d6 8. O-O a6 9. h3 Rb8 10. a4 Ne8 11. Be3 {The position is equal.} b5 {A36: Symmetrical English vs ...g6: 4 Bg2 Bg7} (11... Nd4 12. Rb1 Bd7 13. b4 b6 14. f4 Nc7 15. b5 axb5 16. axb5 f5 17. Qd2 Kh8 18. Kh2 e5 19. Rf2 Be6 20. fxe5 dxe5 {1-0 (46) Maghsoodloo,P (2636)-Aryan,C (2536) Abu Dhabi 2018}) 12. axb5 axb5 13. Nxb5 Nc7 14. Nec3 {Predecessor:} Nxb5 $146 15. Nxb5 Bxb2 {½-½ (15) Moeller,H (2279)-Kohler,T (2147) Berlin 2017} 1/2-1/2